000
00258cam a2200109ua 4500
999
_c
12083
_d
12083
082
_a
352.0072
_b
DEY/PA
100
_a
Dey, S.K .
_9
1990
245
_a
Panchayathi raj /
260
_a
Mumbai :
_b
Asia Publishing House ,
_c
1962.
300
_a
139 ; .
942
_c
BK